Taxation of salaried employees pensioners and senior citizens (Record no. 401377)

000 -LEADER
fixed length control field 00363cam a22001217a 4500
008 - FIXED-LENGTH DATA ELEMENTS--GENERAL INFORMATION
fixed length control field 180718b2001 xxu||||| |||| 00| 0 eng d
082 ## - DEWEY DECIMAL CLASSIFICATION NUMBER
Classification number L2 T199t
245 ## - TITLE STATEMENT
Title Taxation of salaried employees pensioners and senior citizens
260 ## - PUBLICATION, DISTRIBUTION, ETC.
Place of publication, distribution, etc. Delhi
Name of publisher, distributor, etc. Directorate of Income Tax
Date of publication, distribution, etc. 2001
300 ## - PHYSICAL DESCRIPTION
Extent 49p.
440 ## - SERIES STATEMENT/ADDED ENTRY--TITLE
Title Tax payers information series; 31
650 ## - SUBJECT ADDED ENTRY--TOPICAL TERM
Topical term or geographic name entry element Taxation
Holdings
Withdrawn status Lost status Source of classification or shelving scheme Damaged status Not for loan Permanent Location Current Location Date acquired Full call number Barcode Date last seen Price effective from Koha item type
          Indian Institute of Public Administration Indian Institute of Public Administration 2003-06-06 L2 T199t GR21254 2018-07-21 2018-07-21 GR

Powered by Koha